000 00993aab a2200193 i 4500
001 768714001
003 CO-MdFUSB
005 20240422115515.0
008 240408t1991 ag ||||| |||| 00| 0 spa d
040 _bspa
_cCO-MdFUSB
041 _aspa
100 1 _aPadilla, C. René
_eautor
245 _aSeñales del Reino de Dios
_c/ C. René Padilla
300 _aVolumen 10, número 4 (octubre - diciembre, 1991), páginas: 4 - 5
_c; 27 cm
520 _aUn llamado a reflexionar sobre las diferencias significativas en la sociedad, que se reflejan en el panorama socioeconómico y político. Como seguidores de Jesús que vinieron a servir, no se puede pasar por alto las terribles circunstancias de muchos de los conciudadanos. Se debe aceptar que a los cristianos, este tema los afecta directamente.
650 0 _aIglesia y problemas mundiales
_9912
773 0 _tIglesia y Misión
_049402
_959664
_gVolumen 10, número 4 (octubre - diciembre, 1991), páginas: 4 - 5
_q página: 4
942 _cANA
999 _c51934
_d51934